000 00616nam a2200229Ia 4500
003 OSt
005 20220924125236.0
006 a|||||r|||| 00| 0
007 ta
008 220923b |||||||| |||| 00| 0 mar d
024 _a339449
037 _cTextual
040 _aARTS
_cARTS
_bmar
041 _2mar
_amar
082 _aO113,3x, 155K8
100 _aChapekar R.N
_9197901
245 0 _aMakhmalivreel vaatchaal
260 _aPune
_bVenus prakashan
_c1968
650 _aGERMAN LITERATURE
_915713
942 _hO113,3x, 155K8
_cTEXL
_2CC
999 _c422234
_d422234